Tâm lí học sáng tạo
Khái quát chung về khoa học sáng tác và tâm lí học sáng tạo. Bản chất của sự sáng tạo trong tâm lí học. Các vấn đề tâm lí học trong hoạt động sáng tạo. Nhân cách sáng tạo và sự phát triển năng lực sáng tạo cho học sinh. Tâm lí học sáng tạo và cuộc sống...
Uloženo v:
| Hlavní autor: | |
|---|---|
| Médium: | Kniha |
| Jazyk: | Vietnamese |
| Vydáno: |
H.
Giáo dục
1999
|
| Témata: | |
| Tagy: |
Přidat tag
Žádné tagy, Buďte první, kdo otaguje tento záznam!
|
| Thư viện lưu trữ: | Mạng thư viện Đại học Đà Nẵng |
|---|
| LEADER | 01349nam a2200337 4500 | ||
|---|---|---|---|
| 001 | 000006231 | ||
| 003 | 2386 | ||
| 005 | 20110906080941.0 | ||
| 008 | 110905s1999 viesd | ||
| 020 | |c 12500đ | ||
| 041 | 0 | |a vie | |
| 082 | |a 153.3 |b ĐƯ-U | ||
| 100 | 0 | |a Đức Uy | |
| 245 | 0 | |a Tâm lí học sáng tạo |c Đức Uy | |
| 260 | |a H. |b Giáo dục |c 1999 | ||
| 300 | |a 191 tr |c 21 cm | ||
| 520 | |a Khái quát chung về khoa học sáng tác và tâm lí học sáng tạo. Bản chất của sự sáng tạo trong tâm lí học. Các vấn đề tâm lí học trong hoạt động sáng tạo. Nhân cách sáng tạo và sự phát triển năng lực sáng tạo cho học sinh. Tâm lí học sáng tạo và cuộc sống | ||
| 653 | |a Tâm lí học | ||
| 653 | |a Sáng tạo | ||
| 700 | |a Đức Uy |e Tác giả | ||
| 910 | |a Nguyễn Thị Kim Oanh |d 05/09/2011 | ||
| OWN | |a LSP | ||
| AVA | |a UDN50 |b LSP |d 153.3 ĐƯ-U |e available |t Error 5001 Not defined in file expand_doc_bib_avail. |f 3 |g 0 |h N |i 0 |k 1 | ||
| 999 | |a From the UDN01 | ||
| AVA | |a UDN50 |b LSP |d 153.3 ĐƯ-U |e available |t Error 5001 Not defined in file expand_doc_bib_avail. |f 3 |g 0 |h N |i 0 |k 1 | ||
| TYP | |a Monograph | ||
| TYP | |a Printed language | ||
| 980 | |a Mạng thư viện Đại học Đà Nẵng | ||